00573nam a22001457a 4500003000400000005001700004008004100021040001400062100003600076245014400112260001000256300002900266500010500295504002700400OSt20171010095446.0120615t xxu||||| |||| 00| 0 eng d aMMSUcULS aFillomena, Shierwin J., et al.  aEvaluation of the engineering properties of Pamplona river aggregates as portland cement concrete pavementcShierwin, Fillomena J., et al.  c2007  ax, [55] leaves c28 cm.  aThesis (BS Civil Engineering) -- Mariano Marcos State University-College of Engineering, Batac City  aBibliography: leaf 30